000 00774nam a2200241 i 4500
001 10290
003 ES-MaACL
005 20250828011132.0
007 t|
008 950418s1994 sp ||||1| spa d
020 _a84-87169-61-9
080 _a331.881(46)"18"
100 1 _aOlaya Morales, Francisco
_986678
245 1 0 _aHistoria del movimiento obrero español
_b: (siglo XIX) /
_cFrancisco Olaya Morales.
260 _aMadrid :
_bNossa y J.,
_c1994.
300 _a1046 p. ;
_c21 cm.
490 1 _aMadre Tierra ;
_v5
504 _aBibliografía : p.1035-1046.
650 1 4 _aMovimiento obrero-
_zEspaña-
_yS.XIX.
_915215
830 0 0 _aMadre tierra (Nossa y Jara)
_v5
_9179402
852 _aES-MaACL
_jL-17784
_bR.123823
999 _c10290
_d10290